<?xml version="1.0" encoding="UTF-8"?>
<record
    xmlns:xsi="http://www.w3.org/2001/XMLSchema-instance"
    xsi:schemaLocation="http://www.loc.gov/MARC21/slim http://www.loc.gov/standards/marcxml/schema/MARC21slim.xsd"
    xmlns="http://www.loc.gov/MARC21/slim">

  <leader>01272nam a2200169 i 4500</leader>
  <controlfield tag="001">170736</controlfield>
  <controlfield tag="003">ES-MaACL</controlfield>
  <controlfield tag="005">20230906214440.0</controlfield>
  <controlfield tag="008">090401s18741876sp           |||| | spa d</controlfield>
  <datafield tag="080" ind1=" " ind2=" ">
    <subfield code="a">94(460)</subfield>
  </datafield>
  <datafield tag="110" ind1="2" ind2=" ">
    <subfield code="a">Real Academia de la Historia (Espa&#xF1;a)</subfield>
    <subfield code="9">6309</subfield>
  </datafield>
  <datafield tag="245" ind1="1" ind2="0">
    <subfield code="a">Discursos le&#xED;dos ante la Academia de la Historia, </subfield>
    <subfield code="f">1874-1876 /</subfield>
    <subfield code="c">Real Academia de la Historia.</subfield>
  </datafield>
  <datafield tag="260" ind1=" " ind2=" ">
    <subfield code="a">Madrid : </subfield>
    <subfield code="b">[s.n.], </subfield>
    <subfield code="c">1874 (</subfield>
    <subfield code="f">Imp. de Jos&#xE9; Rodr&#xED;guez)</subfield>
  </datafield>
  <datafield tag="300" ind1=" " ind2=" ">
    <subfield code="a">1 v. ; </subfield>
    <subfield code="c">27 cm.</subfield>
  </datafield>
  <datafield tag="505" ind1="8" ind2=" ">
    <subfield code="a">Contiene: Elogio del doctor Alonso D&#xED;az de Montalvo / Ferm&#xED;n Caballero (46 p.).Historia de la  Academia de la Historia / Vicente Barrantes (95 p.). D. Carlos Coloma / Alejandro Llorente (113 p.). Contestaci&#xF3;n / Marqu&#xE9;s de Molins (p. 115-144). Antiguas v&#xED;as de comunicacio&#xF3;n  / Francisco Coello y Quesada (53 p.). Contestaci&#xF3;n / Jos&#xE9; G&#xF3;mez Arteche (p. 56-96). Civilizaci&#xF3;n espa&#xF1;ola / Fernando Corradi (43 p.). Contestaci&#xF3;n / Cayetano Rosell (p. 45-69). Alfonso de Palencia / Antonio Mar&#xED;a Fabi&#xE9; (104p.). Contestaci&#xF3;n / Juan Facundo Ria&#xF1;o (p. 106-121). De la literatura catalana / V&#xED;ctor Balaguer (59 p.). Contestaci&#xF3;n / Jos&#xE9; Amador de los R&#xED;os (p. 61-85). Saavedra Fajardo / Fernando Carradi (42 p.).</subfield>
  </datafield>
  <datafield tag="852" ind1=" " ind2=" ">
    <subfield code="a">ES-MaACL</subfield>
    <subfield code="j">K-121 </subfield>
    <subfield code="z">- Enc. pasta espa&#xF1;ola</subfield>
  </datafield>
  <datafield tag="999" ind1=" " ind2=" ">
    <subfield code="c">170736</subfield>
    <subfield code="d">170736</subfield>
  </datafield>
  <datafield tag="952" ind1=" " ind2=" ">
    <subfield code="0">0</subfield>
    <subfield code="1">0</subfield>
    <subfield code="4">0</subfield>
    <subfield code="7">0</subfield>
    <subfield code="8">LIBXIX</subfield>
    <subfield code="a">ATENEOM</subfield>
    <subfield code="b">ATENEOM</subfield>
    <subfield code="c">ADM</subfield>
    <subfield code="d">2009-04-01</subfield>
    <subfield code="l">0</subfield>
    <subfield code="o">K-121</subfield>
    <subfield code="p">1179180</subfield>
    <subfield code="r">2023-02-23 00:00:00</subfield>
    <subfield code="w">2023-02-23</subfield>
    <subfield code="y">MONANT</subfield>
  </datafield>
</record>
